मुक्त भारत (Record no. 31503)

MARC details
000 -LEADER
fixed length control field 00363nam a22001337a 4500
003 - CONTROL NUMBER IDENTIFIER
control field SGT
020 ## - INTERNATIONAL STANDARD BOOK NUMBER
International Standard Book Number 8176211249
082 ## - DEWEY DECIMAL CLASSIFICATION NUMBER
Classification number 080
Item number M02D
100 ## - MAIN ENTRY--PERSONAL NAME
Personal name दास, गुरचरण
245 ## - TITLE STATEMENT
Title मुक्त भारत
260 ## - PUBLICATION, DISTRIBUTION, ETC. (IMPRINT)
Name of publisher, distributor, etc फुल सर्किल पब्लिशिंग प्रा. लि.
Year of Publication 2002
300 ## - PAGE DESCRIPTION
No. of Pages 391
942 ## - ADDED ENTRY ELEMENTS (KOHA)
Source of classification or shelving scheme Dewey Decimal Classification
Koha item type Books
Holdings
Withdrawn status Lost status Source of classification or shelving scheme Damaged status Not for loan Home library Current library Shelving location Date acquired SGTU Total Checkouts Full call number Accession No. (Barcode) Date last seen Bill Date Koha item type
    Dewey Decimal Classification   Not For Loan SGT Chancellor's Library SGT Chancellor's Library Reference Book 19/06/2025 SGTU   080 M02D CH3511 19/06/2025 19/06/2025 Books